LEADER 00767nam a2200193 i 4500 001 000000220925 003 CaOOAMICUS 005 20130610000000.0 008 130610s1792 it u000 u ita u 013 $a199822 026 $aner- e-ne c.c. (4(3 (3) 1792 (A) 040 $aSeMil$bita 245 10$aVol. 2. 300 $a210, [2] p. 500 $aSegn. : A-N8 O2 (O2 bianca). 773 0 $aBuonafede, Appiano <1716-1793>$tDella restaurazione di ogni filosofia ne' secoli 16., 17., 18. Di Agatopisto Cromaziano. Vol. 1. [-3.].$dIn Venezia : Nella stamperia di Pietro Q.m Gio: Batta Pasquali, 1792.$g2$w()8647 850 $aSeMil 852 $aSeMil$W1$xVenegono$y1$m2O I 77 FA$j171279$B171279$CSeMilBibl$Z2$F181788 $8I 996 $6245$aVol. 2$9(OLS)http://semarc/title/13458 LEADER 01353nam a2200313 i 4500 001 000000058488 003 CaOOAMICUS 005 20250711145329.0 008 100825s1975 it u000 u ita u 013 $a29660 040 $aSeMil$bita 100 1 $aKant, Immanuel,$d<1724-1804>.$0(OLS)http://semarc/name/2543 240 10$aWas heisst : sich im Denken orientieren?.$0(OLS)http://semarc/title/91190 245 10$aChe cosa significa orientarsi nel pensare /$cImmanuel Kant ; traduzione di Michele Giorgiantonio ; nuova edizione con introduzione di Pasquale Salvucci. 250 $a2. ed. 260 $aLanciano :$bR. Carabba,$c1975. 300 $a210 p. ;$c21 cm. 490 0 $aCultura dell'anima. Nuova serie ;$v6 500 $aFondo Ciprandi. 700 1 $aSalvucci, Pasquale.$0(OLS)http://semarc/name/29815 700 1 $aGiorgiantonio, Michele.$0(OLS)http://semarc/name/29814 830 0$aCultura dell'anima. Nuova serie ;$v6.$0(OLS)http://semarc/title/19108 850 $aSeMil 852 $aSeMil$W1$xVenegono$y1$m2P II 917$j211183$B24641$CSeMilBibl$Z2$F24644 $81 941 1 $a1 961 $aOmaggio: Ciprandi dott. Paolo 996 $6245$aChe cosa significa orientarsi nel pensare$9(OLS)http://semarc/title/91189 996 $6260$aLanciano :$bR. Carabba$9(OLS)http://semarc/publisher/33110